000 00350nam a2200133Ia 4500
008 230917s9999||||xx |||||||||||||| ||und||
040 _e93472
_aMAIN
041 _aEnglish
082 _a610 B227F
100 _aBansal, Chander Bhan
245 0 _aFamilial lipid and lipoprotein profile in precocious ischemic stroke
300 _a114 p.
942 _cTH
999 _c48917
_d48917